000 00336nam a2200133Ia 4500
008 240624s9999 xx 000 0 und d
041 _aeng
082 _a658.3 WEI
100 _aWEIGHTMAN JANE
245 _aMANAGING HUMAN RESOURCES
260 _c2003
_aMumbai
_bJaico Publishing House
300 _aix, : 174 : p. : cm. ; 22
365 _cRS
999 _c798
_d798